| 000 | 00483nam a22001697a 4500 | ||
|---|---|---|---|
| 005 | 20260223152333.0 | ||
| 008 | 260223b |||||||| |||| 00| 0 eng d | ||
| 020 | _a0-13-018380-6 | ||
| 100 | _aCOMER, DOUGLAS E. | ||
| 245 |
_aINTERNETWORKING WITH TCP/IP _bPRINCIPLES, PROTOCOLS, AND ARCHITECTURE |
||
| 250 | _a4TH ED | ||
| 260 |
_aNEW JERSEY _bPRENTICE HALL _c2000 |
||
| 300 | _aXXIX,750P. | ||
| 500 | _aINCLUDES INDEX | ||
| 650 | _aCOMPUTER NETWORK PROTOCOL | ||
| 942 |
_2lcc _cBK |
||
| 999 |
_c216594 _d216594 |
||